Central Library OPAC University of Rajshahi

সমাজ ও সভ্যতার ইতিকথা / (Record no. 41471)

MARC details
000 -LEADER
fixed length control field 00954nam a2200241 a 4500
001 - CONTROL NUMBER
control field 41471
003 - CONTROL NUMBER IDENTIFIER
rucl marc code BD-RjUL
005 - DATE AND TIME OF LATEST TRANSACTION
control field 20211209053407.0
008 - FIXED-LENGTH DATA ELEMENTS--GENERAL INFORMATION
fixed length control field 160531s1968 bg | 000 0 ben
035 ## - SYSTEM CONTROL NUMBER
System control number (BD-RjUL)41589
040 ## - CATALOGING SOURCE
Original cataloging agency BD-RjUL
Transcribing agency BD-RjUL
Language of cataloging ben
041 ## - LANGUAGE CODE
Language code of text/sound track or separate title ben
082 00 - DEWEY DECIMAL CLASSIFICATION NUMBER
Classification number 301.09
Edition number 23
Author mark and year RAS 1977
100 1# - MAIN ENTRY--PERSONAL NAME
Personal name রসূল, মোহাম্মদ গোলাম
9 (RLIN) 116985
245 10 - TITLE STATEMENT
Title সমাজ ও সভ্যতার ইতিকথা /
Statement of responsibility, etc. মোহাম্মদ গোলাম রসূল
250 ## - EDITION STATEMENT
Edition statement ১ম. সং.
260 ## - PUBLICATION, DISTRIBUTION, ETC. (IMPRINT)
Place of publication, distribution, etc. ঢাকা :
Name of publisher, distributor, etc. বাংলা একাডেমী,
Date of publication, distribution, etc. ১৯৭৭
300 ## - PHYSICAL DESCRIPTION
Pagination [৫], ১৭৯ পৃ. ;
Size ২১ সেমি.
504 ## - BIBLIOGRAPHY, ETC. NOTE
Bibliography, etc গ্রন্থপঞ্জী সংষুক্ত
650 #0 - SUBJECT ADDED ENTRY--TOPICAL TERM
Topical term or geographic name as entry element সমাজবিজ্ঞান
General subdivision ইতিহাস ও সমালোচনা
9 (RLIN) 127467
Topical term or geographic name as entry element Sociology
General subdivision History and Criticism
9 (RLIN) 127468
942 ## - ADDED ENTRY ELEMENTS (KOHA)
Source of classification or shelving scheme Dewey Decimal Classification
Koha item type Books
Holdings
Lost status Source of classification or shelving scheme Damaged status Not for loan Collection code Permanent Location Current Location Shelving location Date acquired Source of acquisition Cost, normal purchase price Total Checkouts Full call number Date last seen Copy number Koha item type Date checked out
  Dewey Decimal Classification     Non-fiction Central Library, University of Rajshahi Central Library, University of Rajshahi   31/07/1983 Alighar Library, Rajshahi 15.00   B 301.09 RAS 1977 31/05/2016 C-2 Books  
  Dewey Decimal Classification     Non-fiction Central Library, University of Rajshahi Central Library, University of Rajshahi   17/06/1982 Aligor library, Rajshahi 15.00 1 B 301.09 RAS 1977 08/03/2022 C-3 Books 27/02/2022
  Dewey Decimal Classification     Non-fiction Central Library, University of Rajshahi Central Library, University of Rajshahi   30/06/1981 Eureka book Agency, Rajshahi 15.00   B 301.09 RAS 1977 04/06/2016 C-4 Books  
  Dewey Decimal Classification     Non-fiction Central Library, University of Rajshahi Central Library, University of Rajshahi   17/06/1982 Aligor library, Rajshahi 15.00   B 301.09 RAS 1977 04/06/2016 C-5 Books  
  Dewey Decimal Classification     Non-fiction Central Library, University of Rajshahi Central Library, University of Rajshahi   30/06/1981 Eureka book Agency, Rajshahi 15.00 1 B 301.09 RAS 1977 13/03/2022 C-6 Books 28/02/2022
  Dewey Decimal Classification     Non-fiction Central Library, University of Rajshahi Central Library, University of Rajshahi   30/06/1981 Eureka book Agency, Rajshahi 15.00   B 301.09 RAS 1977 04/06/2016 C-7 Books  
  Dewey Decimal Classification     Non-fiction Central Library, University of Rajshahi Central Library, University of Rajshahi   30/06/1981 Eureka book Agency, Rajshahi 15.00 1 B 301.09 RAS 1977 03/03/2021 C-8 Books 14/01/2021
  Dewey Decimal Classification     Non-fiction Central Library, University of Rajshahi Central Library, University of Rajshahi   31/07/1983 Alighor library, Rajshahi. 15.00   B 301.09 RAS 1977 20/07/2016 C-9 Books  
  Dewey Decimal Classification     Non-fiction Central Library, University of Rajshahi Central Library, University of Rajshahi   20/08/1977 Author 15.00   B 301.09 RAS 1977 21/07/2016 C-10 Books  
  Dewey Decimal Classification   Not For Loan Non-fiction Central Library, University of Rajshahi Central Library, University of Rajshahi   20/08/1977 Author 15.00   B 301.09 RAS 1977 21/07/2016 C-1 Books  
  Dewey Decimal Classification     Non-fiction Central Library, University of Rajshahi Central Library, University of Rajshahi General Stacks 29/06/1981 Eureka book Agency, Rajshahi 15.00   B 301.09 RAS 1977 02/06/2024 C-11 Books